Quiz Geograficzny - Statystyki

Ogólne statystyki
  • Ten quiz został rozwiązany 587 razy
  • Średni wynik to 10 z 15
Statystyki odpowiedzi
Hint Odpowiedź % Poprawnych
Kraj z największą gospodarkąna świecie Stany Zjednoczone
90%
Płynie tam rzeka Jangcy Chiny
89%
Zajmuje prawie 50% Ameryki Południowej Brazylia
83%
Najmniejszy kraj na świecie Watykan
82%
Drugi, najbardziej zaludnionykraj na świecie Indie
80%
Najludniejszy kraj UE Niemcy
80%
Najczęściej odwiedzany kraj naświecie Francja
79%
Konstytucja tego kraju była pierwszą w Europie, drugą na świecie Polska
76%
Pochodzą stamtąd zupki chińskie Japonia
73%
Znajduje się tam najwyższybudynek świata - Burj khalifa ZjednoczoneEmiraty Arabskie
73%
Znajduje się tam kościół, któryjest w budowie od ponad stu lat Hiszpania
55%
Kraj prawie w połowie pokrytylasami Kanada
46%
Żyje tam o wiele więcej owiecniż ludzi Australia
33%
Nie ma tam pająków Nowa Zelandia
31%
Najbiedniejszy kraj na świecie Burundi
24%
Nie znaleziono quizów pasujących do podanych kryteriów
Rozkład punktacji
Procent ludzi z każdym wynikiem
Percentyl według liczby udzielonych odpowiedzi
Twoja historia wyników
Nie rozwiązałeś tego quizu